Najładniejsze Żeńskie Imiona Polskie A-Z - Statystyki

Ogólne statystyki
  • Ten quiz został rozwiązany 274 razy
  • Średni wynik to 8 z 22
Statystyki odpowiedzi
Hint Odpowiedź % Poprawnych
A Alicja
61%
W Wiktoria
56%
D Daria
53%
P Patrycja
50%
C Cecylia
49%
I Iga
47%
U Ula
47%
O Ola
44%
B Basia
43%
M Maja
38%
Z Zuzia
38%
H Hania
36%
L Laura
34%
R Róża
31%
N Nadia
29%
F Felicja
28%
S Sara
26%
G Gabrysia
21%
J Jagoda
20%
K Klara
19%
T Tola
11%
E Elena
7%
Nie znaleziono quizów pasujących do podanych kryteriów
Rozkład punktacji
Procent ludzi z każdym wynikiem
Percentyl według liczby udzielonych odpowiedzi
Twoja historia wyników
Nie rozwiązałeś tego quizu